[Event "Immopar"]
[Site "?"]
[Date "1992.??.??"]
[Round "?"]
[White "Kasparov, Gary"]
[Black "Kamsky, Gata"]
[Result "1-0"]
[WhiteElo "2780"]
[BlackElo "2655"]
[PlyCount "106"]
[EventDate "1992.??.??"]
[Source "www.chesslib.no"]
[SourceDate "2004.05.04"]

1. e4 e5 2. Nf3 Nc6 3. Bb5 a6 4. Ba4 Nf6 5. O-O Be7 6. Re1 b5 7. Bb3 O-O 8. d3 d6 9. c3 Bb7 10. Nbd2 Na5 11. Bc2 c5 12. Nf1 Re8 13. Bg5 h6 14. Bh4 Nh5 15. Bxe7 Qxe7 16. Ne3 Nf4 17. g3 Ng6 18. a3 Nc6 19. b4 Rad8 20. Rb1 Qd7 21. h4 Qh3 22. Qe2 Nce7 23. a4 Bc6 24. axb5 axb5 25. Qf1 Qe6 26. Nd2 cxb4 27. Rxb4 d5 28. Bb3 Qd7 29. Nf3 Qd6 30. Rb1 dxe4 31. dxe4 Qc5 32. Rc1 Rd6 33. Qe1 Rc8 34. h5 Nf8 35. c4 Be8 36. Rc2 Rd3 37. cxb5 Qd6 38. Rxc8 Nxc8 39. Bc2 Rxe3 40. fxe3 Nb6 41. Rb1 Bd7 42. Qc3 Bg4 43. Nxe5 Nfd7 44. Nxg4 Qxg3+ 45. Kf1 Qxg4 46. Ke1 Qg3+ 47. Kd2 Ne5 48. Rd1 Nec4+ 49. Kc1 Qb8 50. e5 Nxe5 51. Qxe5 Qa8 52. Qd4 Qa3+ 53. Kb1 Qa6 1-0

[Event "36th New York Masters"]
[Site "New York"]
[Date "2002.12.03"]
[Round "2"]
[White "Yudasin, Leonid"]
[Black "Lapshun, Yury"]
[Result "1/2-1/2"]
[WhiteElo "2721"]
[BlackElo "2572"]
[PlyCount "126"]
[EventDate "2002.12.03"]
[Source "Roberto Alvarez"]
[SourceDate "2003.05.19"]

1. e4 e5 2. Nf3 Nc6 3. Bb5 a6 4. Ba4 Nf6 5. d3 b5 6. Bb3 Be7 7. O-O O-O 8. Re1 d6 9. c3 Na5 10. Bc2 c5 11. Nbd2 Qc7 12. Nf1 Re8 13. h3 Nc6 14. a4 Bd7 15. Bg5 h6 16. Bh4 Nh7 17. Bg3 Bg5 18. Nxg5 hxg5 19. Bb3 Be6 20. Bxe6 fxe6 21. axb5 axb5 22. Rxa8 Rxa8 23. Qb3 Qd7 24. Qxb5 Rb8 25. Qa4 Rxb2 26. Ne3 Nf6 27. Nc4 Rb7 28. Qd1 Qd8 29. h4 gxh4 30. Bxh4 Rf7 31. Qa4 Qc7 32. Qa8+ Kh7 33. Nd2 Nd8 34. Nf3 Rf8 35. Rb1 Kg8 36. Rb8 Qc6 37. Qa2 Qc7 38. Ra8 c4 39. Ra7 Qc6 40. Ra6 Qc7 41. Bxf6 gxf6 42. dxc4 Nb7 43. Ra7 Qb6 44. Ra6 Qc7 45. Nd2 Nc5 46. Ra8 Rxa8 47. Qxa8+ Kg7 48. Qa1 Qb7 49. Qe1 Qb2 50. Qe3 Qc2 51. Kh2 Qc1 52. Qg3+ Kf7 53. Qe3 Kg7 54. g4 Kg6 55. Kg2 Qc2 56. Kh3 Qc1 57. Kg2 Qc2 58. Kh3 Qc1 59. Kh2 Qc2 60. Kg2 Qc1 61. Kf3 Qd1+ 62. Qe2 Qc1 63. Qe3 Qd1+ 1/2-1/2

[Event "Nederland 75/319"]
[Site "?"]
[Date "1999.??.??"]
[Round "?"]
[White "Adams, Michael"]
[Black "Kosashvili, Yona"]
[Result "1-0"]
[WhiteElo "2716"]
[BlackElo "2565"]
[PlyCount "69"]
[EventDate "1999.??.??"]
[Source "ChessBase"]
[SourceDate "1999.02.01"]

1. e4 e5 2. Nf3 Nc6 3. Bb5 a6 4. Ba4 Nf6 5. O-O Be7 6. Re1 b5 7. Bb3 d6 8. a3 Na5 9. Ba2 c5 10. d3 O-O 11. Nbd2 Nc6 12. c3 Nd7 13. Nf1 Nb6 14. Ne3 Re8 15. Nd5 Be6 16. b4 Bg4 17. h3 Bh5 18. g4 Bg6 19. h4 h6 20. h5 Bh7 21. g5 hxg5 22. Nxb6 Qxb6 23. Nxg5 Bxg5 24. Bxg5 Qc7 25. h6 gxh6 26. Bf6 Bg6 27. Qg4 Kh7 28. Re3 Qc8 29. Qh4 Nd8 30. Rh3 h5 31. Kh2 Ne6 32. Bxe6 Qxe6 33. Rg1 Kg8 34. Qg5 Qa2 35. Rg2 1-0

[Event "Besancon"]
[Site "?"]
[Date "2006.08.26"]
[Round "1"]
[White "Fressinet Laurent"]
[Black "Tkachiev Vladislav"]
[Result "1/2-1/2"]
[WhiteElo "2626"]
[BlackElo "2645"]
[PlyCount "103"]
[EventDate "2006.??.??"]
[Source "www.chesslib.no"]
[SourceDate "2004.05.04"]

1. e4 e5 2. Nf3 Nc6 3. Bb5 a6 4. Ba4 Nf6 5. O-O Be7 6. d3 b5 7. Bb3 d6 8. c3 O-O 9. Nbd2 Na5 10. Bc2 c5 11. Re1 Nc6 12. Nf1 Re8 13. h3 h6 14. a4 Be6 15. Ne3 Bf8 16. d4 exd4 17. cxd4 d5 18. axb5 axb5 19. Rxa8 Qxa8 20. exd5 Nxd5 21. dxc5 Ndb4 22. Be4 Bxc5 23. Bd2 Qa7 24. Bc3 Qb6 25. Kh1 Rd8 26. Qe2 Na2 27. Bd2 Nab4 28. Bc3 Na2 29. Bd2 Nab4 30. Bb1 Ne7 31. Ng4 Nf5 32. Bc3 Nd5 33. Bxg7 Nxg7 34. Nxh6+ Kf8 35. Ng5 Nf6 36. Qf3 Be7 37. Bg6 fxg6 38. Nh7+ Ke8 39. Nxf6+ Bxf6 40. Qxf6 Rd7 41. Ng4 Rf7 42. Qxg6 Kf8 43. Rd1 Qc7 44. Kg1 Bxg4 45. Qxg4 Kg8 46. Qd4 Qf4 47. Qc5 Ne6 48. Qc8+ Nf8 49. Qc5 Ne6 50. Qc8+ Nf8 51. Qc5 Ne6 52. Qc8+ 1/2-1/2

[Event "Amber-blind 2nd"]
[Site "Monte Carlo"]
[Date "1993.??.??"]
[Round "2"]
[White "Short, Nigel D"]
[Black "Ljubojevic, Ljubomir"]
[Result "1-0"]
[WhiteElo "2655"]
[BlackElo "2605"]
[PlyCount "125"]
[EventDate "1993.03.??"]
[Source "ChessBase"]

1. e4 e5 2. Nf3 Nc6 3. Bb5 a6 4. Ba4 Nf6 5. O-O Be7 6. Re1 b5 7. Bb3 O-O 8. c3 d6 9. a4 b4 10. h3 Rb8 11. a5 Be6 12. Bxe6 fxe6 13. d4 exd4 14. cxd4 Rb5 15. Nbd2 Nxa5 16. Nb3 Nxb3 17. Qxb3 Qc8 18. Ng5 d5 19. exd5 Nxd5 20. Nxe6 Rf7 21. Bg5 Bd6 22. Re4 h6 23. Bh4 Kh8 24. Rae1 Qd7 25. Qd3 Nf6 26. R4e2 Rh5 27. Bxf6 Rxf6 28. Qxa6 Qb5 29. Qc8+ Kh7 30. Nxc7 Qc4 31. Qe8 Rg5 32. Ne6 Rxg2+ 33. Kxg2 Qd5+ 34. Re4 Rg6+ 35. Kf3 Rf6+ 36. Kg2 Rg6+ 37. Qxg6+ Kxg6 38. R1e3 Kh7 39. b3 Qf5 40. Rg4 g5 41. Rge4 Qd5 42. Kg1 Qf5 43. Nd8 Qd5 44. Ne6 Kg6 45. h4 Kf6 46. hxg5+ hxg5 47. Rg4 Bf4 48. Nxf4 Qf5 49. Nh5+ Kg6 50. Rgg3 Kxh5 51. Re5 Qb1+ 52. Kg2 Kh6 53. Rexg5 Qe4+ 54. Kh2 Qf4 55. Kg1 Qxd4 56. Rg6+ Kh5 57. R3g5+ Kh4 58. Rg4+ Qxg4+ 59. Rxg4+ Kxg4 60. Kf1 Kf3 61. Ke1 Ke4 62. Ke2 Kd4 63. f4 1-0

[Event "Tan Chin Nam Cup 6th"]
[Site "Beijing"]
[Date "2000.07.12"]
[Round "4"]
[White "Wang Zili"]
[Black "Peng Xiaomin"]
[Result "1/2-1/2"]
[WhiteElo "2603"]
[BlackElo "2657"]
[PlyCount "93"]
[EventDate "2000.07.03"]
[Source "ChessBase"]
[SourceDate "2000.10.18"]

1. e4 e5 2. Nf3 Nc6 3. Bb5 a6 4. Ba4 Nf6 5. O-O Be7 6. Re1 b5 7. Bb3 d6 8. c3 O-O 9. d3 Na5 10. Bc2 c5 11. Nbd2 Nc6 12. Nf1 h6 13. Ng3 Be6 14. h3 Re8 15. d4 cxd4 16. cxd4 exd4 17. Ne2 Nb4 18. Bb1 d3 19. Ned4 Bc8 20. Bd2 Nc2 21. Nxc2 dxc2 22. Bxc2 Bb7 23. Bc3 Bf8 24. Nd2 d5 25. exd5 Nxd5 26. Rxe8 Qxe8 27. Qf3 Nxc3 28. Qxb7 Ne2+ 29. Kf1 Nd4 30. Be4 Rb8 31. Qa7 Qe5 32. Re1 Bc5 33. Qd7 Qh2 34. Nf3 Nxf3 35. Bxf3 Rf8 36. Bd5 Qf4 37. Re2 Qc1+ 38. Re1 Qxb2 39. Qf5 Qd4 40. g3 Kh8 41. Bb3 g6 42. Qf3 Kg7 43. Rd1 Qf6 44. Qxf6+ Kxf6 45. Rd7 a5 46. Rb7 a4 47. Rxb5 1/2-1/2

[Event "Amber-blind 4th"]
[Site "Monte Carlo"]
[Date "1995.??.??"]
[Round "5"]
[White "Ljubojevic, Ljubomir"]
[Black "Piket, Jeroen"]
[Result "0-1"]
[WhiteElo "2580"]
[BlackElo "2670"]
[PlyCount "108"]
[EventDate "1995.03.??"]
[Source "ChessBase"]

1. e4 e5 2. Nf3 Nc6 3. Bb5 a6 4. Ba4 Nf6 5. O-O Be7 6. Re1 b5 7. Bb3 d6 8. c3 O-O 9. a4 b4 10. h3 Rb8 11. d4 bxc3 12. bxc3 exd4 13. cxd4 d5 14. exd5 Nxd5 15. Ba3 Bxa3 16. Rxa3 Qd6 17. Ne5 Be6 18. Bxd5 Bxd5 19. Rg3 Rb4 20. Nxc6 Bxc6 21. Qe2 Bxa4 22. Nc3 Rxd4 23. Nxa4 Rxa4 24. Rd1 Qc6 25. Qe7 Re4 26. Qg5 g6 27. Rc1 Rc4 28. Rxc4 Qxc4 29. Qe5 Rc8 30. Rc3 Qb5 31. Rc5 Qb6 32. h4 h5 33. Kh2 a5 34. f4 a4 35. f5 Rd8 36. fxg6 fxg6 37. Rxc7 Qd6 38. Qxd6 Rxd6 39. Ra7 Rd4 40. g3 Kf8 41. Kg2 Ke8 42. Kf3 Rg4 43. Rh7 Kd8 44. Ra7 Kc8 45. Re7 Kb8 46. Re5 Kb7 47. Ra5 Kb6 48. Ra8 Kb5 49. Rb8+ Kc4 50. Ra8 Kb3 51. Ra6 a3 52. Rb6+ Rb4 53. Rxg6 a2 54. Ra6 Ra4 0-1

[Event "Corr"]
[Site "?"]
[Date "1996.11.01"]
[Round "?"]
[White "Poulsen Allan (DEN)"]
[Black "Oosterom Joop J.van (NED)"]
[Result "1/2-1/2"]
[WhiteElo "2590"]
[BlackElo "2655"]
[PlyCount "117"]
[EventDate "1996.??.??"]
[Source "www.chesslib.no"]
[SourceDate "2004.05.04"]

1. e4 e5 2. Nf3 Nc6 3. Bb5 a6 4. Ba4 Nf6 5. O-O Be7 6. Re1 b5 7. Bb3 d6 8. a4 Bd7 9. c3 Na5 10. Bc2 c5 11. d4 Nc6 12. d5 Na7 13. Nbd2 O-O 14. Nf1 Qb8 15. h3 Nc8 16. g4 Kh8 17. Ng3 Ng8 18. Kh2 g6 19. Rg1 Bf6 20. Qf1 Nce7 21. Qg2 Qe8 22. Be3 Bg7 23. Nd2 Rd8 24. Bd1 Bh6 25. g5 Bg7 26. axb5 axb5 27. Ra6 Nc8 28. b4 c4 29. Bg4 f5 30. gxf6 Bxf6 31. Ne2 Qe7 32. Nf3 Rf7 33. Qg3 Rdf8 34. Kg2 h6 35. Ra8 Bxg4 36. Qxg4 Qb7 37. Rga1 Kh7 38. h4 Bg7 39. Ng5+ hxg5 40. hxg5 Nge7 41. Qe6 Kg8 42. R1a5 Kh7 43. Ng3 Rf3 44. Ra1 R3f7 45. R8a5 Kh8 46. Nf1 Nxd5 47. exd5 Re7 48. Qxg6 Qxd5+ 49. Kg1 e4 50. Qh5+ Kg8 51. Rd1 Qe6 52. Nh2 Bxc3 53. Ng4 Rh7 54. Nh6+ Kh8 55. Rxb5 Ne7 56. Rb6 Nd5 57. Ra6 Nxe3 58. Rdxd6 Qf5 59. Nxf5 1/2-1/2

[Event "Framingham, MA"]
[Site "?"]
[Date "2001.01.27"]
[Round "3"]
[White "Kudrin Sergey"]
[Black "Ivanov Alexander"]
[Result "1/2-1/2"]
[WhiteElo "2575"]
[BlackElo "2669"]
[PlyCount "46"]
[EventDate "2001.??.??"]
[Source "www.chesslib.no"]
[SourceDate "2004.05.04"]

1. e4 e5 2. Nf3 Nc6 3. Bb5 a6 4. Ba4 Nf6 5. O-O Be7 6. Re1 b5 7. Bb3 d6 8. c3 O-O 9. d3 Na5 10. Bc2 c5 11. Nbd2 Re8 12. Nf1 Nc6 13. h3 h6 14. Ng3 d5 15. exd5 Qxd5 16. Bb3 Qd6 17. Nxe5 Nxe5 18. Bf4 Qxd3 19. Rxe5 Qxd1+ 20. Rxd1 c4 21. Bc2 Be6 22. Bf5 Rad8 23. Ree1 Rxd1 1/2-1/2

[Event "Woburn, MA"]
[Site "?"]
[Date "1998.02.01"]
[Round "4"]
[White "Kudrin Sergey"]
[Black "Ivanov Alexander"]
[Result "0-1"]
[WhiteElo "2633"]
[BlackElo "2595"]
[PlyCount "88"]
[EventDate "1998.??.??"]
[Source "www.chesslib.no"]
[SourceDate "2004.05.04"]

1. e4 e5 2. Nf3 Nc6 3. Bb5 a6 4. Ba4 Nf6 5. O-O Be7 6. Re1 b5 7. Bb3 d6 8. c3 O-O 9. d3 Na5 10. Bc2 c5 11. Nbd2 Bb7 12. Nf1 Re8 13. h3 h6 14. Ne3 Bf8 15. Nh2 d5 16. Qf3 d4 17. Nf5 Kh7 18. cxd4 exd4 19. Bd2 Nc6 20. e5 Ng8 21. Bb3 Qd7 22. Qf4 g5 23. Qg4 Nxe5 24. Rxe5 Rxe5 25. Nxh6 Qxg4 26. N6xg4 Rf5 27. Re1 Bd5 28. Nf3 Bxf3 29. gxf3 Bd6 30. Kg2 Kg7 31. a4 Rb8 32. axb5 Rxb5 33. Ba4 Rxb2 34. Bd7 Rxd2 35. Bxf5 Ne7 36. Bd7 Ng6 37. Bc6 Rxd3 38. Ra1 Nf4+ 39. Kf1 c4 40. Be4 Rc3 41. Ke1 Bb4 42. Kd1 a5 43. Rc1 Rxc1+ 44. Kxc1 f6 0-1

[Event "Reykjavik"]
[Site "?"]
[Date "1987.??.??"]
[Round "?"]
[White "Ljubojevic, Lj"]
[Black "Tal, M."]
[Result "1/2-1/2"]
[WhiteElo "2620"]
[BlackElo "2605"]
[PlyCount "75"]
[EventDate "1987.??.??"]
[Source "ChessBase"]
[SourceDate "1987.01.01"]

1. e4 e5 2. Nf3 Nc6 3. Bb5 a6 4. Ba4 Nf6 5. O-O Be7 6. Re1 b5 7. Bb3 O-O 8. d3 d6 9. c3 Na5 10. Bc2 c5 11. Nbd2 Nc6 12. Nf1 Re8 13. Bg5 Be6 14. Ne3 Ng4 15. Bxe7 Nxe3 16. Bxd8 Nxd1 17. Bc7 Nxb2 18. Reb1 Rec8 19. Bxd6 Nxd3 20. Bxd3 Rd8 21. a4 Rxd6 22. axb5 Rxd3 23. bxc6 f6 24. c7 Rc8 25. Rxa6 Kf7 26. Rc6 Rxc3 27. h4 Bd7 28. Rb8 Ke7 29. h5 c4 30. Kh2 Rc1 31. Rxc8 Bxc8 32. Nd2 Kd7 33. h6 gxh6 34. Rxc4 Rxc4 35. Nxc4 Kxc7 36. Ne3 Kd6 37. Kg3 Kc5 38. Nd5 1/2-1/2

[Event "Petrosian Mem Open"]
[Site "Yerevan"]
[Date "2004.11.27"]
[Round "9"]
[White "Asrian, Karen"]
[Black "Smirnov, Pavel"]
[Result "1/2-1/2"]
[WhiteElo "2591"]
[BlackElo "2626"]
[PlyCount "61"]
[EventDate "2004.11.18"]
[Source "Roberto Alvarez"]
[SourceDate "2004.11.29"]

1. e4 e5 2. Nf3 Nc6 3. Bb5 a6 4. Ba4 Nf6 5. O-O Be7 6. Re1 b5 7. Bb3 O-O 8. d3 d6 9. c3 Na5 10. Bc2 c5 11. Nbd2 Nc6 12. Nf1 Re8 13. h3 h6 14. d4 cxd4 15. cxd4 exd4 16. Nxd4 Nxd4 17. Qxd4 Be6 18. Ne3 Rc8 19. Bd2 d5 20. exd5 Nxd5 21. Nxd5 Qxd5 22. Qxd5 Bxd5 23. Bf5 Rcd8 24. Ba5 Rd6 25. Rad1 Be6 26. Bxe6 Rxe6 27. Rxe6 fxe6 28. Rc1 Bf6 29. b3 Bd4 30. Rc6 e5 31. Bb6 1/2-1/2

[Event "Esbjerg"]
[Site "?"]
[Date "2000.??.??"]
[Round "?"]
[White "Emms, J."]
[Black "Svidler, P."]
[Result "0-1"]
[WhiteElo "2525"]
[BlackElo "2685"]
[PlyCount "86"]
[EventDate "2000.??.??"]
[Source "Chess Informant"]
[SourceDate "2000.06.01"]

1. e4 e5 2. Nf3 Nc6 3. Bb5 a6 4. Ba4 Nf6 5. O-O Be7 6. Re1 b5 7. Bb3 d6 8. c3 O-O 9. d3 Na5 10. Bc2 c5 11. Nbd2 Re8 12. Nf1 Bb7 13. a3 h6 14. b4 cxb4 15. cxb4 Nc6 16. Bb2 Bf8 17. Bb3 a5 18. bxa5 Nxa5 19. Ba2 Qd7 20. Ng3 Nc6 21. h3 d5 22. Bb3 d4 23. a4 b4 24. Nd2 Na5 25. Ne2 Nxb3 26. Qxb3 Qd8 27. f4 Nd7 28. fxe5 Nc5 29. Qc2 Ba6 30. Nc1 Rc8 31. Qb1 Nd7 32. Nf3 Nxe5 33. Nxe5 Rxe5 34. Nb3 Rg5 35. Bxd4 Rg3 36. Re3 Rxe3 37. Bxe3 Bxd3 38. Qd1 Bxe4 39. Qxd8 Rxd8 40. Bc5 Bc2 41. Bxf8 Kxf8 42. Na5 Ra8 43. Nc4 Rxa4 0-1

[Event "olm"]
[Site "?"]
[Date "1996.??.??"]
[Round "5"]
[White "Oll Lembit"]
[Black "Hjartarson Johann"]
[Result "1/2-1/2"]
[WhiteElo "2640"]
[BlackElo "2570"]
[PlyCount "67"]
[EventDate "1996.??.??"]
[Source "www.chesslib.no"]
[SourceDate "2004.05.04"]

1. e4 e5 2. Nf3 Nc6 3. Bb5 a6 4. Ba4 Nf6 5. d3 b5 6. Bb3 Be7 7. O-O d6 8. c3 O-O 9. Re1 Na5 10. Bc2 c5 11. Nbd2 Re8 12. Nf1 h6 13. d4 cxd4 14. cxd4 Nc6 15. d5 Nb4 16. Bb1 a5 17. a3 Na6 18. b4 Bd7 19. Bd2 axb4 20. axb4 Nc7 21. Bd3 Rxa1 22. Qxa1 Qa8 23. Qb2 Qb7 24. Ne3 Ne6 25. h4 Qa8 26. Ng4 Qc6 27. Bc1 Bf8 28. Bg5 Qb6 29. Rd1 Nc5 30. Kf1 Bc6 31. Bb1 Nfd7 32. Ngh2 Rb8 33. Qxe5 f6 34. Qb2 1/2-1/2

[Event "England"]
[Site "?"]
[Date "1997.??.??"]
[Round "?"]
[White "Emms John M"]
[Black "Adams Michael"]
[Result "0-1"]
[WhiteElo "2535"]
[BlackElo "2665"]
[PlyCount "98"]
[EventDate "1997.??.??"]
[Source "www.chesslib.no"]
[SourceDate "2004.05.04"]

1. e4 e5 2. Nf3 Nc6 3. Bb5 a6 4. Ba4 Nf6 5. O-O Be7 6. Re1 b5 7. Bb3 d6 8. c3 O-O 9. d3 Na5 10. Bc2 c5 11. Nbd2 Re8 12. Nf1 h6 13. d4 Qc7 14. Ne3 Bf8 15. d5 c4 16. b4 cxb3 17. axb3 Nb7 18. Bd2 Nc5 19. Qb1 Bd7 20. b4 Nb7 21. Bd3 a5 22. Qd1 g6 23. Qe2 Bg7 24. Nc2 Nxd5 25. exd5 e4 26. Bxb5 exf3 27. Qc4 Qxc4 28. Bxc4 Rec8 29. Re7 Rxc4 30. Rxd7 Rb8 31. Ne3 Rcc8 32. Ra2 Bxc3 33. Bxc3 Rxc3 34. gxf3 axb4 35. Rb2 b3 36. Nd1 Rxf3 37. Ne3 Nc5 38. Rxd6 Nd3 39. Rb1 Nxf2 40. Nc4 Ne4 41. Rb6 Rxb6 42. Nxb6 Rc3 43. Na4 Rd3 44. Nb6 Kg7 45. Kg2 Rc3 46. Na4 Rc2+ 47. Kg1 Ra2 48. Rxb3 Rxa4 49. Rd3 Nd6 0-1

[Event "Stratton Mountain, VT"]
[Site "?"]
[Date "1997.04.26"]
[Round "5"]
[White "Ivanov Alexander"]
[Black "Ziatdinov Raset"]
[Result "1/2-1/2"]
[WhiteElo "2663"]
[BlackElo "2536"]
[PlyCount "32"]
[EventDate "1997.??.??"]
[Source "www.chesslib.no"]
[SourceDate "2004.05.04"]

1. e4 e5 2. Nf3 Nc6 3. Bb5 a6 4. Ba4 Nf6 5. O-O Be7 6. Re1 b5 7. Bb3 d6 8. c3 Bg4 9. d3 O-O 10. Nbd2 Na5 11. Bc2 c5 12. h3 Bh5 13. Nf1 Ne8 14. g4 Bg6 15. Ne3 Nc7 16. d4 exd4 1/2-1/2